|
|
|
|
| LEADER |
00000naa2a2200000 4500 |
| 001 |
385018 |
| 005 |
20231101063321.0 |
| 035 |
|
|
|a (RuTPU)RU\TPU\prd\12315
|
| 090 |
|
|
|a 385018
|
| 100 |
|
|
|a 20030402a2003 k y0rusy50 ca
|
| 101 |
0 |
|
|a rus
|
| 102 |
|
|
|a UA
|
| 200 |
1 |
|
|a Анализ энергетических и экологических аспектов утилизации теплоты отходящих производственных газов
|f М. К. Безбородных, С. А. Хавин
|
| 225 |
1 |
|
|a Топливо и энергетика
|
| 320 |
|
|
|a Библиогр.: 8 назв.
|
| 461 |
|
1 |
|0 (RuTPU)RU\TPU\prd\1029
|x 0235-3482
|t Экотехнологии и ресурсосбережение
|o научно-технический журнал
|f Национальная академия наук Украины (НАНУ) ; Институт газа Украины
|d 1994-2008
|
| 463 |
|
1 |
|0 (RuTPU)RU\TPU\prd\12114
|t № 1
|v С. 18-21
|d 2003
|
| 610 |
1 |
|
|a теплота
|
| 610 |
1 |
|
|a коэффициент использования
|
| 610 |
1 |
|
|a отходящие газы
|
| 610 |
1 |
|
|a коэффициент утилизации
|
| 610 |
1 |
|
|a утилизаторы теплоты
|
| 610 |
1 |
|
|a топливо
|
| 675 |
|
|
|a 621.43
|v 3
|
| 700 |
|
1 |
|a Безбородных
|b М. К.
|
| 701 |
|
1 |
|a Хавин
|b С. А.
|
| 801 |
|
1 |
|a RU
|b 63413507
|c 20030402
|g PSBO
|
| 801 |
|
2 |
|a RU
|b 63413507
|c 20150115
|g RCR
|
| 942 |
|
|
|c BK
|